| 000 | 00739nam a2200229 a 4500 | ||
|---|---|---|---|
| 999 |
_c10604 _d10604 |
||
| 001 | 10604 | ||
| 003 | BD-JhCC | ||
| 005 | 20180918134015.0 | ||
| 008 | 180728s20161992bg |||| |||| 000 0 ben d | ||
| 020 | _a9788172150174 | ||
| 035 | _a(BD-JhCC)10604 | ||
| 040 |
_aBD-JhCC _dBD-JhCC |
||
| 041 | _aben | ||
| 082 |
_a891.4415 _bGAN 2016 |
||
| 100 | _aগঙ্গোপাধ্যায়, সুনীল | ||
| 245 |
_aকবিতা সমগ্র / _cসুনীল গঙ্গোপাধ্যায় |
||
| 260 |
_aকলকাতা : _bআনন্দ, _c২০১৬. |
||
| 300 |
_a১-৫ খন্ড : _c২১ সেমি. |
||
| 650 | _aবাংলা কবিতা | ||
| 650 | _aBengali Poem | ||
| 942 |
_2ddc _cBK _01 |
||